000
00354nam a22001577a 4500
003
MPLRDC
005
20220104114655.0
008
210129b ||||| |||| 00| 0 eng d
082
_a
292.1 LKY
100
_a
李康佑编著
245
_a
现代易占入门
_c
260
_a
_b
华安出版社
_c
300
_b
平
650
_a
942
_c
BK
_o
292.1 LKY
999
_c
9322
_d
9312